| 000 | 00512nam a2200133Ia 4500 | ||
|---|---|---|---|
| 008 | 231129s2008||||xx |||||||||||||| ||spa|| | ||
| 020 | _a978-958-20-0969-4 | ||
| 040 | _bspa | ||
| 082 | _a371.12 I31i | ||
| 245 | 0 | _aImaginarios de infancia y la formación de maestros | |
| 260 | _c2008 | ||
| 264 | _aBogotá Colombia : Colciencias : Universidad Distrital Francisco José de Caldas. Instituto para la Investigación Educativa y el Desarrollo Pedagógico-IDEP | ||
| 942 |
_2ddc _cBKS |
||
| 999 |
_c15605 _d15605 |
||